000
00271nam a2200109Ia 4500
008
220204s9999 xx 000 0 und d
020
_a
054257778
082
_a
0582006
_b
MAN
245
0
_a
Manorama yearbook 2006
260
_a
Kottayam
_b
Malayala Manorama
_c
2006
942
_c
BK
999
_c
42563
_d
42563